000 00948nam a22002898a 4500
001 015690563
003 Uk
005 20121126124933.0
008 101104r20112007enka 000 0 eng|d
020 _a0521208491 (pbk.) :
020 _a9780521208499 (pbk.) :
082 0 4 _a621.3822
_222
_bCAV
100 1 _aCave, Martin.
_931468
245 1 0 _aEssentials of Modern Spectrum Management /
_cMartin Cave, Chris Doyle, William Webb.
260 _aCambridge :
_bCambridge University Press,
_c2011.
263 _a201103
300 _a1 v. :
_bill. ;
_c23 cm.
490 0 _aThe Cambridge wireless essentials series
500 _aOriginally published: 2007.
650 0 _aWireless communication systems.
_931469
650 0 _aRadio frequency allocation.
_931470
650 0 _aSignal processing.
_931471
653 _bEle
_cNovember2012
700 1 _aDoyle, Christopher,
_d1960-
_931472
700 1 _aWebb, William,
_d1967-
_931473
942 _2ddc
_cBB
999 _c17108
_d17080